000
00252nam a2200097Ia 4500
082
_a
J 954 MASO
245
0
_a
The Indian subcontinent
100
_a
MASON, Paul New York, 2009
_9
61470
942
_c
BK
008
210817s9999 xx 000 0 und d
999
_c
193573
_d
193572